000 00856nam0a22002411 4500
001 rc\571386
005 20250621170416.0
035 _a(NLR Aleph) 005819967
090 _a5469049
_c5469049
100 _a20031121d1987 |||y0rusy50 ca
101 0 _arus
102 _aRU
105 _ay |||||||||
200 1 _aРабочая таблица классификации УДК по лесному хозяйству
_fГос. ком. СССР по лесн. хоз-ву, ЦБНТИ
_g[Составители Бочарова К.В. и др.]
210 _aМ.
_cЦБНТИ Гослесхоза СССР
_d1987
215 _a121 с.
_d22
320 _aБиблиогр.: с. 3-4 (8 назв.)
702 1 _aБочарова
_bК.В.
_4220
801 0 _aRU
_bNLR
_gpsbo
801 1 _aRU
_bELAR
_2rusmarc
852 _aNLR
_bБ
_j7565/У-591
942 _cBOOK
980 _aNB